Numéro 10 équipe de france de foot - Statistiques

Statistiques générales
  • Ce quiz a été pris 213 fois
  • Le résultat moyen est 4 sur 10
Statistiques - réponses
Nombre de fois Joueurs % Correct
104 Zinédine Zidane
98%
58 Kylian Mbappe
97%
64 Michel Platini
84%
68 Karim Benzema
66%
15 André Pierre Gignac
27%
13 Sidney Govou
13%
27 Roger Piantoni
8%
11 Jean Marc Ferreri
5%
10 Gérald Passi
2%
14 Georges Lech
1%
Aucun quiz correspondant
Distribution des résultats
% des personnes avec chaque résultat
Percentile par nombre de réponses
Votre historique - résultats
Vous n’avez pas pris ce quiz